LDR 00796naa#a2200193#i#450# 001 EN\\bibl\120987 005 20260430134240.4 011 ## _a2782-5256 100 ## _a20251225b2025####ek#y0engy0150####ca 102 ## _aRU 200 1# _aFeatures of deactivation of the main parts of the pistols SO-TT/9, SO-TT-CX, Tokarev-CO, made on the basis of the 7,62 mm Tokarev pistol (TT) model 1930/33 _eJournal article 210 1# _aMoscow _cMoscow University of the Ministry of Internal Affairs of Russia named after V.Ya. Kikot _d2025 215 ## _a7 с. 608 ## _aJournal article _2local 675 ## _aПраво. Юридические науки. 34 _z 700 #1 _aNurushev _gArstangali Amangalievich 700 #1 _aKurilenko _gYuliya Aleksandrovna 700 #1 _aStanovaya _gOl'ga Vladimirovna 856 4# _amosumvd.editorum.ru _u